Contrahistoria del liberalismo

Guardado en:
Detalles Bibliográficos
Autor principal: Losurdo, Domenico (autor)
Formato: Libro
Lenguaje:español
Publicado: Barcelona El Viejo Topo 2007
Materias:
Etiquetas: Agregar Etiqueta
Sin Etiquetas, Sea el primero en etiquetar este registro!

MARC

LEADER 00000nam a2200000 a 4500
001 UCI5774
003 CL-VaPUC
008 080404e20070000SP |||||||||||||||||spa|d
020 |a 9788496831285 
082 0 4 |a 320.51  |b LOS  |2 21 
100 |a Losurdo, Domenico  |e autor  |9 528391 
245 1 0 |a Contrahistoria del liberalismo 
300 |a 374 p 
942 |c BK 
945 |d 20080404 00:00:00  |a jtorresc 
260 |a Barcelona  |b El Viejo Topo  |c 2007 
650 0 |a Liberalismo  |9 255715 
650 7 |a FILOSOFIA POLITICA  |2 CL-VaPUC  |9 528392 
650 0 |a Historia política  |9 256974 
650 0 |a Democracia  |9 255256 
650 0 |a Problemas sociales  |9 258537 
583 |a last modification  |c 20080404 00:00:00  |k Rodrigo Vera 
999 |c 329464  |d 329462 
952 |0 0  |1 0  |4 0  |6 320_510000000000000_LOS_2007  |7 0  |8 A  |9 414216  |a BIBHIS  |b BIBHIS  |d 2019-11-22  |i 4423895  |o 320.51 LOS 2007  |p 4423895  |r 2025-01-20  |w 2019-11-22  |y BK  |k HIS 
952 |0 0  |1 0  |4 0  |6 320_510000000000000_LOS_2007  |7 0  |8 A  |9 414217  |a BIBHIS  |b BIBHIS  |d 2019-11-22  |i 4445414  |o 320.51 LOS 2007  |p 4445414  |r 2025-01-20  |w 2019-11-22  |y BK  |k HIS